000 01059nam a2200253Ia 4500
001 18170
003 GE_BSU
008 181216s||||||||xx |||||||||||||| ||und||
020 _aISSN 1987-5258
040 _cGE_BSU
080 _a398(479.223)+821.353.1
245 _aსამხრეთ-დასავლეთ საქართველოს ზეპირსიტყვიერება. კრ. 13
245 _bკრებული
245 _cრედ. თ. შიოშვილი
250 _aსაქ. განათლ. და მეცნ. სამინისტრო ნიკო ბერძენიშვილის ინ-ტი
260 _aბათუმი
260 _bშოთა რუსთაველის სახ. უნ-ტი
260 _c2008
300 _a142გვ.20სმ.
541 _h5ლ.
653 _aკრებული
653 _aსამხრეთ-დასავლეთ საქართველოს ზეპირსიტყვიერება
942 _cBK
999 _c51211
_d51211